Hunger Game Deaths - Statistics

General Stats
  • This quiz has been taken 2,668 times
    2,667 since last reset
  • The average score is 11 of 14
Answer Stats
Tribute Answer % Correct
Marvel Arrow, Katniss
97%
Cato Arrow, Katniss
97%
Gloss Arrow, Katniss
97%
Foxface Poison, Peeta
97%
Glimmer Tracker Jackers, Katniss
93%
Rue Spear, Marvel
91%
Clove Head trauma, Thresh
84%
Thresh Sword, Cato
84%
Mags Poison Gas
74%
Brutus ?, Peeta
67%
Wiress Throat is slit, Gloss
56%
Cashmere Axe, Johanna
50%
Chaff ?, Brutus
49%
Blight Forcefield
46%
No matching quizzes found
Score Distribution
Percent of People with Each Score
Percentile by Number Answered
Your Score History
You have not taken this quiz since the last reset